000 00328nam a22001337a 4500
008 181121b xxu||||| |||| 00| 0 eng d
020 _a9780393935677
041 _aeng
080 _a541
100 _a12
101 _aKIM
245 _aClickers In Action Active Learning In Organic Chemistry
_cRuder.SM
942 _2udc
_cBK
999 _c52268
_d52268